[Event "Saratov Winter Cup 1st stage"]
[Site "Saratov"]
[Date "2012.02.11"]
[Round "2"]
[White "Smirnov, Alexandr A"]
[Black "Vetryansky, Vladimir"]
[Result "1-0"]
[WhiteElo "2182"]
[BlackElo "2193"]
[PlyCount "45"]
[EventDate "2012.02.10"]
[EventType "tourn"]
[EventRounds "9"]
[EventCountry "RUS"]
[SourceTitle "EXT 2013"]
[Source "ChessBase"]
[SourceDate "2012.11.22"]
[SourceVersion "1"]
[SourceVersionDate "2012.11.22"]
[SourceQuality "1"]

1. e4 e5 2. f4 exf4 3. Nf3 g5 4. Bc4 g4 5. 0-0 gxf3 6. Qxf3 d5 7. Qxf4 Bc5+ 8. Kh1 Qe7 9. exd5 Kd8 10. d4 Bd6 11. Qf2 a6 12. Nc3 b5 13. Bd3 Bb7 14. a4 Nd7 15. axb5 axb5 16. Rxa8+ Bxa8 17. Nxb5 Ngf6 18. Bg5 Rg8 19. Re1 Qxe1+ 20. Qxe1 Rxg5 21. Nxd6 cxd6 22. Qa5+ Ke7 23. Qxa8 1-0

[Event "Saratov Winter Cup 1st stage"]
[Site "Saratov"]
[Date "2012.02.10"]
[Round "1"]
[White "Vetryansky, Vladimir"]
[Black "Iljushina, Olga"]
[Result "0-1"]
[WhiteElo "2193"]
[BlackElo "2343"]
[PlyCount "84"]
[EventDate "2012.02.10"]
[EventType "tourn"]
[EventRounds "9"]
[EventCountry "RUS"]
[SourceTitle "EXT 2013"]
[Source "ChessBase"]
[SourceDate "2012.11.22"]
[SourceVersion "1"]
[SourceVersionDate "2012.11.22"]
[SourceQuality "1"]

1. e4 c5 2. Nf3 Nc6 3. c3 Nf6 4. e5 Nd5 5. d4 cxd4 6. Bc4 e6 7. cxd4 d6 8. 0-0 Be7 9. exd6 Qxd6 10. Nc3 Nxc3 11. bxc3 0-0 12. Qe2 b6 13. Ng5 Bb7 14. Ne4 Qc7 15. Bd3 Na5 16. Re1 Qc6 17. Qh5 f5 18. Qh3 Rac8 19. Bg5 Qd7 20. Bxe7 Qxe7 21. Ng3 Qg5 22. Ne2 Nc4 23. Qg3 Qxg3 24. hxg3 g5 25. Nc1 Bd5 26. Nb3 Nb2 27. Bb5 Rxc3 28. Bd7 Rf6 29. Nd2 Nd3 30. Re3 f4 31. gxf4 gxf4 32. Ne4 Rg6 33. Nxc3 Rxg2+ 34. Kf1 Rxf2+ 35. Kg1 fxe3 36. Nxd5 exd5 37. Be6+ Kg7 38. Bxd5 Nf4 39. Be4 Nh3+ 40. Kh1 Ng5 41. Bd5 e2 42. Bg2 Nf3 0-1

[Event "Saratov Winter Cup school"]
[Site "Saratov"]
[Date "2011.12.31"]
[Round "9.2"]
[White "Vetryansky, Vladimir"]
[Black "Rjanova, Valery"]
[Result "1/2-1/2"]
[WhiteElo "2193"]
[BlackElo "2223"]
[PlyCount "39"]
[EventDate "2011.12.26"]
[EventType "swiss"]
[EventRounds "9"]
[EventCountry "RUS"]
[SourceTitle "EXT 2022"]
[Source "ChessBase"]
[SourceDate "2021.10.06"]
[SourceVersion "1"]
[SourceVersionDate "2021.10.06"]
[SourceQuality "1"]

1. d4 Nf6 2. c4 g6 3. Nc3 Bg7 4. Nf3 0-0 5. g3 d6 6. Bg2 Nc6 7. 0-0 a6 8. e4 Bg4 9. h3 Bxf3 10. Bxf3 e5 11. d5 Nd4 12. Bg2 c5 13. Kh2 b5 14. Qf3 Nd7 15. b3 Rb8 16. Be3 Qa5 17. Bd2 Qd8 18. Be3 Qa5 19. Bd2 Qd8 20. Be3 1/2-1/2

[Event "Saratov Winter Cup school"]
[Site "Saratov"]
[Date "2011.12.28"]
[Round "4.1"]
[White "Korchmar, Vasiliy"]
[Black "Vetryansky, Vladimir"]
[Result "1/2-1/2"]
[WhiteElo "2240"]
[BlackElo "2193"]
[PlyCount "56"]
[EventDate "2011.12.26"]
[EventType "swiss"]
[EventRounds "9"]
[EventCountry "RUS"]
[SourceTitle "EXT 2022"]
[Source "ChessBase"]
[SourceDate "2021.10.06"]
[SourceVersion "1"]
[SourceVersionDate "2021.10.06"]
[SourceQuality "1"]

1. Nf3 d5 2. g3 Nf6 3. Bg2 e6 4. 0-0 c5 5. d3 Nc6 6. Nbd2 Be7 7. e4 b6 8. Re1 d4 9. Nc4 b5 10. Nce5 Nxe5 11. Nxe5 Bb7 12. f4 Nd7 13. Rf1 Qc7 14. Qh5 g6 15. Qf3 f6 16. Nxd7 Qxd7 17. Bd2 h5 18. Qe2 h4 19. g4 h3 20. Bf3 0-0-0 21. a3 f5 22. exf5 exf5 23. g5 Rde8 24. Qf2 Rd8 25. Qe2 Rde8 26. Qf2 Rd8 27. Qe2 Rde8 28. Qf2 Rd8 1/2-1/2

[Event "Saratov Winter Cup school"]
[Site "Saratov"]
[Date "2011.12.27"]
[Round "3.1"]
[White "Vetryansky, Vladimir"]
[Black "Nurdinov, Iliya"]
[Result "1-0"]
[WhiteElo "2193"]
[BlackElo "1807"]
[PlyCount "71"]
[EventDate "2011.12.26"]
[EventType "swiss"]
[EventRounds "9"]
[EventCountry "RUS"]
[SourceTitle "EXT 2022"]
[Source "ChessBase"]
[SourceDate "2021.10.06"]
[SourceVersion "1"]
[SourceVersionDate "2021.10.06"]
[SourceQuality "1"]

1. d4 c5 2. e3 e6 3. Nf3 d5 4. Be2 Nf6 5. 0-0 Nbd7 6. c4 Be7 7. Nc3 0-0 8. cxd5 exd5 9. b3 b6 10. dxc5 Nxc5 11. Bb2 Bb7 12. Nb5 Nfe4 13. b4 Ne6 14. Qb3 a6 15. Nbd4 Nxd4 16. Bxd4 Qd6 17. a3 f5 18. Rfd1 Qg6 19. Rac1 Bd6 20. Be5 Rae8 21. Qb2 Bxe5 22. Nxe5 Qd6 23. f4 g5 24. Bf3 gxf4 25. exf4 Re7 26. Qd4 Rg7 27. Rc2 Qh6 28. Nd3 Qg6 29. Rdc1 h5 30. Rc7 Rff7 31. Ne5 Qf6 32. Rxb7 Rxb7 33. Qxd5+ Kh7 34. Bxe4 Rbc7 35. Bc2 Qh6 36. Bxf5+ 1-0

[Event "Saratov Autumn Cup High School Property"]
[Site "Saratov"]
[Date "2011.10.10"]
[Round "3.5"]
[White "Bolychevsky, Alexander"]
[Black "Vetryansky, Vladimir"]
[Result "1/2-1/2"]
[WhiteElo "1857"]
[BlackElo "2248"]
[PlyCount "59"]
[EventDate "2011.10.07"]
[EventType "swiss"]
[EventRounds "9"]
[EventCountry "RUS"]
[SourceTitle "EXT 2022"]
[Source "ChessBase"]
[SourceDate "2021.10.06"]
[SourceVersion "1"]
[SourceVersionDate "2021.10.06"]
[SourceQuality "1"]

1. Nf3 Nf6 2. c4 c5 3. Nc3 e6 4. g3 b6 5. Bg2 Bb7 6. 0-0 Be7 7. b3 0-0 8. Bb2 d5 9. cxd5 Nxd5 10. Nxd5 Bxd5 11. d4 c4 12. bxc4 Bxc4 13. Qc2 Bd5 14. e4 Bb7 15. Ne5 Bf6 16. Rac1 Bxe5 17. dxe5 Nc6 18. Rfd1 Qe7 19. Rd6 Rac8 20. Qd2 Na5 21. Rd7 Rxc1+ 22. Bxc1 Qc5 23. Bb2 Qb5 24. Bf1 Qc6 25. Rd8 Qc7 26. Rxf8+ Kxf8 27. Ba3+ Kg8 28. Qd6 Qc8 29. Bd3 h6 30. Qb4 1/2-1/2

[Event "Saratov Rector Cup"]
[Site "Saratov"]
[Date "2011.09.13"]
[Round "5"]
[White "Dmitriev, Igor"]
[Black "Vetryansky, Vladimir"]
[Result "1-0"]
[WhiteElo "2392"]
[BlackElo "2248"]
[PlyCount "47"]
[EventDate "2011.09.09"]
[EventType "tourn"]
[EventRounds "9"]
[EventCountry "RUS"]
[SourceTitle "EXT 2012"]
[Source "ChessBase"]
[SourceDate "2011.11.24"]
[SourceVersion "1"]
[SourceVersionDate "2011.11.24"]
[SourceQuality "1"]

1. g3 d5 2. Bg2 Nf6 3. c4 dxc4 4. Na3 c6 5. Nxc4 e6 6. Nf3 b5 7. Nce5 Bb7 8. Ng5 Ng4 9. Ngxf7 Qf6 10. Nxg4 Qxf7 11. Ne5 Qf6 12. d4 Bd6 13. Bf4 g5 14. Be3 0-0 15. Qd2 Na6 16. 0-0 Bxe5 17. dxe5 Qxe5 18. Bxg5 Nc5 19. Bf4 Qf5 20. Qe3 Nd7 21. Bh6 Rfd8 22. Rad1 Nf6 23. Rxd8+ Rxd8 24. Qxa7 1-0

[Event "Saratov Rector Cup"]
[Site "Saratov"]
[Date "2011.09.12"]
[Round "4"]
[White "Vetryansky, Vladimir"]
[Black "Rjanova, Valery"]
[Result "0-1"]
[WhiteElo "2248"]
[BlackElo "2187"]
[PlyCount "82"]
[EventDate "2011.09.09"]
[EventType "tourn"]
[EventRounds "9"]
[EventCountry "RUS"]
[SourceTitle "EXT 2012"]
[Source "ChessBase"]
[SourceDate "2011.11.24"]
[SourceVersion "1"]
[SourceVersionDate "2011.11.24"]
[SourceQuality "1"]

1. e4 c5 2. Nf3 Nc6 3. g3 g6 4. Bg2 Bg7 5. 0-0 d6 6. c3 Nf6 7. d4 0-0 8. d5 Na5 9. Nbd2 b5 10. Rb1 Rb8 11. b4 Nb7 12. Re1 e5 13. dxe6 fxe6 14. Nb3 cxb4 15. cxb4 e5 16. Qe2 a6 17. Rd1 Qe8 18. Ne1 Bg4 19. f3 Be6 20. Bg5 Rf7 21. Nc2 Nd7 22. Qe3 Qf8 23. Qf2 Rc8 24. Rbc1 Rc4 25. Nd2 Rc6 26. Nb3 Nb6 27. Na5 Nxa5 28. bxa5 Na4 29. Nb4 Rc4 30. Nxa6 Rxe4 31. Nc7 Bc4 32. a6 Re2 33. Qf1 Rxc7 34. Qxe2 Bxe2 35. Rxc7 Bxd1 36. a7 Nc5 37. f4 e4 38. Bh3 Bd4+ 39. Kf1 e3 40. Rc8 Qxc8 41. Bxc8 Bf3 0-1